| Tag |
First Indicator |
Second Indicator |
Subfields |
| LEADER |
00000pam a2200000 a 4500 |
| 001 |
in00000092377 |
| 005 |
20150923132128.0 |
| 008 |
811110s1982 pauaf b 00110 eng |
| 010 |
|
|
|a 81020686
|
| 020 |
|
|
|a 0812108191
|
| 035 |
|
|
|a (OCoLC)07977832
|
| 035 |
|
|
|9 AAK7461AM
|
| 039 |
0 |
|
|a 2
|b 3
|c 3
|d 3
|e 3
|
| 040 |
|
|
|a DLC
|c DLC
|d TXA
|d UtOrBLW
|
| 049 |
|
|
|a TXAM
|c [1272520]
|
| 050 |
0 |
0 |
|a QL757
|b N6 1982
|
| 060 |
|
0 |
|a QX 4 N748p
|
| 082 |
0 |
|
|a 574.5/249
|2 19
|
| 100 |
1 |
|
|a Noble, Elmer R.
|q (Elmer Ray),
|d 1909-2001.
|
| 245 |
1 |
0 |
|a Parasitology :
|b the biology of animal parasites /
|c Elmer R. Noble, Glenn A. Noble.
|
| 250 |
|
|
|a 5th ed.
|
| 264 |
|
1 |
|a Philadelphia :
|b Lea & Febiger,
|c 1982.
|
| 300 |
|
|
|a viii, 522 pages, 8 unnumbered pages of plates :
|b illustrations (some color) ;
|c 26 cm.
|
| 336 |
|
|
|a text
|b txt
|2 rdacontent
|
| 337 |
|
|
|a unmediated
|b n
|2 rdamedia
|
| 338 |
|
|
|a volume
|b nc
|2 rdacarrier
|
| 504 |
|
|
|a Includes bibliographies and index.
|
| 650 |
|
0 |
|a Parasitology.
|
| 650 |
|
2 |
|a Parasites.
|
| 700 |
1 |
|
|a Noble, Glenn Arthur,
|d 1909-
|
| 999 |
|
|
|a MARS
|
| 999 |
f |
f |
|s 637794f2-ad93-3fb1-8107-4937c03958d6
|i 05e93821-46c5-3746-86da-623a24c31637
|t 0
|
| 952 |
f |
f |
|p ric
|a Texas A&M University
|b Rellis Campus
|c Joint Library Facility
|d Remote Storage
|t 0
|e QL757 N6 1982
|h Library of Congress classification
|i unmediated -- volume
|m A14806005055
|
| 998 |
f |
f |
|a QL757 N6 1982
|t 0
|l Remote Storage
|